| 000 | 00730nam a22001817a 4500 | ||
|---|---|---|---|
| 005 | 20260113160531.0 | ||
| 008 | 260113b ||||fr|||| 00| 0 eng d | ||
| 040 |
_aCENDOC CAAAP _bspa _cCAAAP |
||
| 041 | _aspa | ||
| 050 |
_aJL 3429 _b.P47 |
||
| 110 | 1 |
_93775 _aPerú. _bPresidencia del Consejo de Ministros |
|
| 245 | 1 |
_aInstitucionalizando el Diálogo a un año de gestión : _bExperiencias y aportes de la ONDS - PCM 2012-2013 / _cPresidencia del Consejo de Ministros |
|
| 250 | _a1ra edición | ||
| 260 | 1 |
_aLima, Perú : _bPresidencia del Consejo de Ministros, _c2013. |
|
| 300 |
_a91 páginas ; _c24 x 16 cm |
||
| 650 | 0 |
_91650 _aPolíticas Públicas _vDiálogo social _xGestión pública _zPerú |
|
| 942 |
_2lcc _bDD - MM - AA _cBK |
||
| 999 |
_c4341 _d4341 |
||